000 00471cam a2200181ua 4500
001 3017
008 110921n ii |||gr||||Z||||||asm
040 _cMAIN
082 _a920
100 1 _aSarma, Mukul Kumar,
_eAuthor.
245 1 1 _aNetaji Subhas Chandra Bose
_cby Mukul Kumar Sarma
250 _a2nd.
260 _aJorhat:
_bUnika Prakashan,
_c2010.
300 _a48p:
_c23cm.
653 _aBiography
653 _aBiography of Netaji Subhas Chandra Bose
942 _cBK
999 _c2865
_d2865